ASAS-asas silvikalcar

Bibliographic Details
Format: Book
Published: Kepong, Selangor : Yunit Latihan Perhutanan, Jabatan Perhutanan , 1970
Subjects:

MARC

LEADER 00000cam a2200000 7i4500
001 0000000312
005 20040225.0
090 0 0 |a JPSM634.95   |b ASA 1970 
245 0 0 |a ASAS-asas silvikalcar 
260 0 0 |a Kepong, Selangor :   |b Yunit Latihan Perhutanan, Jabatan Perhutanan ,   |c 1970 
300 |a xv, 163 p. :   |b ill. ;   |c 25 cm. 
650 0 0 |a Forests and forestry   |z Malaysia 
650 0 0 |a Silviculture 
998 |a JPSM 
999 |a 0000000081   |b Monograph   |c Open Shelf   |e Default branch 
999 |a 0000001484   |b Monograph   |c Open Shelf   |e Default branch 
999 |a 0000001597   |b Monograph   |c Open Shelf   |e Default branch 
999 |a 0000001598   |b Monograph   |c Open Shelf   |e Default branch 
999 |a 0000003148   |b Monograph   |c Open Shelf   |e Default branch 
999 |a 0000003606   |b Monograph   |c Open Shelf   |e Default branch